[Event "Titled Tuesday intern op 24th Jan Late"]
[Site "Chess.com INT"]
[Date "2023.01.24"]
[Round "8"]
[White "Floresvillar Gonzalez, Luis Miguel"]
[Black "Koscielski, Janusch"]
[Result "1-0"]
[WhiteElo "2075"]
[BlackElo "2260"]
[PlyCount "41"]
[EventDate "2023.01.24"]
[EventType "swiss (blitz)"]
[EventRounds "11"]
[EventCountry "USA"]
[SourceTitle "EXT 2024"]
[Source "ChessBase"]
[SourceDate "2023.10.10"]
[SourceVersion "1"]
[SourceVersionDate "2023.10.10"]
[SourceQuality "1"]

1. d4 Nf6 2. c3 g6 3. Bg5 Bg7 4. Nd2 h6 5. Bf4 d6 6. Ngf3 Nc6 7. e4 e5 8. dxe5 Nh5 9. Be3 dxe5 10. Bb5 0-0 11. 0-0 Qe7 12. Bxc6 bxc6 13. b4 Rd8 14. Qc2 Ba6 15. Rfe1 Bd3 16. Qa4 Qe6 17. h3 Nf4 18. Bxf4 exf4 19. e5 g5 20. Nd4 Qc4 21. Nxc4 1-0

[Event "Titled Tuesday intern op 24th Jan Late"]
[Site "Chess.com INT"]
[Date "2023.01.24"]
[Round "3"]
[White "Iskusnyh, Sergei"]
[Black "Koscielski, Janusch"]
[Result "1-0"]
[WhiteElo "2443"]
[BlackElo "2260"]
[PlyCount "73"]
[EventDate "2023.01.24"]
[EventType "swiss (blitz)"]
[EventRounds "11"]
[EventCountry "USA"]
[SourceTitle "EXT 2024"]
[Source "ChessBase"]
[SourceDate "2023.10.10"]
[SourceVersion "1"]
[SourceVersionDate "2023.10.10"]
[SourceQuality "1"]

1. d4 Nf6 2. c4 g6 3. g3 Bg7 4. Bg2 0-0 5. Nc3 d6 6. Nf3 c6 7. 0-0 Bf5 8. Ne1 Qc8 9. e4 Bh3 10. f3 Bxg2 11. Kxg2 c5 12. d5 e6 13. dxe6 Qxe6 14. Nd3 Qxc4 15. Nf4 Nc6 16. Be3 Rfd8 17. Rc1 Qb4 18. Rf2 Ne5 19. b3 c4 20. Ncd5 Nxd5 21. Nxd5 Qa5 22. bxc4 Rac8 23. Ne7+ Kf8 24. Nxc8 Rxc8 25. Qxd6+ Kg8 26. Qd5 Qa3 27. Qxb7 Re8 28. Qb3 Qe7 29. c5 g5 30. h3 h5 31. g4 hxg4 32. hxg4 Rc8 33. Rd1 Ng6 34. Rd5 Be5 35. Rfd2 Nh4+ 36. Kf2 Qf6 37. Bd4 1-0

[Event "Titled Tuesday intern op 24th Jan Late"]
[Site "Chess.com INT"]
[Date "2023.01.24"]
[Round "1"]
[White "Koscielski, Janusch"]
[Black "Grinev, Valeriy"]
[Result "1-0"]
[WhiteElo "2260"]
[BlackElo "2425"]
[PlyCount "61"]
[EventDate "2023.01.24"]
[EventType "swiss (blitz)"]
[EventRounds "11"]
[EventCountry "USA"]
[SourceTitle "EXT 2024"]
[Source "ChessBase"]
[SourceDate "2023.10.10"]
[SourceVersion "1"]
[SourceVersionDate "2023.10.10"]
[SourceQuality "1"]

1. e4 c5 2. c3 Nf6 3. e5 Nd5 4. Bc4 e6 5. Nf3 d6 6. d4 cxd4 7. cxd4 Be7 8. 0-0 0-0 9. Qe2 b6 10. Rd1 Bb7 11. Bxd5 exd5 12. Nc3 Na6 13. Nb5 dxe5 14. Nxe5 Nc7 15. Nxc7 Qxc7 16. Bf4 Bd6 17. Rac1 Qd8 18. Bg3 Re8 19. Qh5 Re7 20. Rc3 f6 21. Ng4 Bxg3 22. Rxg3 Rc8 23. Nxf6+ Kf8 24. Nxh7+ Kg8 25. Nf6+ Kf8 26. Qh8+ Kf7 27. Rxg7+ Ke6 28. Re1+ Kxf6 29. Qh6+ Kf5 30. Rg5+ Kf4 31. Qh4# 1-0

[Event "Titled Tuesday intern op 10th Jan Late"]
[Site "Chess.com INT"]
[Date "2023.01.10"]
[Round "2"]
[White "Herman, Daniel"]
[Black "Koscielski, Janusch"]
[Result "1-0"]
[WhiteElo "1957"]
[BlackElo "2260"]
[PlyCount "75"]
[EventDate "2023.01.10"]
[EventType "swiss (blitz)"]
[EventRounds "11"]
[EventCountry "USA"]
[SourceTitle "EXT 2024"]
[Source "ChessBase"]
[SourceDate "2023.10.10"]
[SourceVersion "1"]
[SourceVersionDate "2023.10.10"]
[SourceQuality "1"]

1. e4 c6 2. d4 d5 3. e5 Bf5 4. Nf3 e6 5. Be2 Ne7 6. 0-0 Ng6 7. c4 dxc4 8. Bxc4 Nd7 9. Nc3 Nb6 10. Bb3 Be7 11. Be3 0-0 12. Rc1 a5 13. h3 Nh4 14. Nxh4 Bxh4 15. g4 Bg6 16. f4 a4 17. Nxa4 Nxa4 18. Bxa4 Be4 19. Bb3 h6 20. Qe2 Bd5 21. Bxd5 Qxd5 22. a3 f6 23. Qg2 Qd7 24. Rfd1 Ra5 25. Qe4 Rd5 26. Rf1 f5 27. gxf5 Rxf5 28. Kh2 Qf7 29. Rg1 Qh5 30. Rg4 Rd7 31. Rcg1 Bd8 32. Bf2 Rdf7 33. Qg2 g5 34. Be3 Kh7 35. fxg5 Bxg5 36. Bxg5 Rf2 37. Bf6 Rxg2+ 38. R1xg2 1-0

[Event "GER-ch Seniors 50 34th"]
[Site "Magdeburg"]
[Date "2022.08.15"]
[Round "4"]
[White "Lindam, Ingo"]
[Black "Koscielski, Janusch"]
[Result "0-1"]
[WhiteElo "2130"]
[BlackElo "2255"]
[PlyCount "104"]
[EventDate "2022.08.12"]
[EventType "swiss"]
[EventRounds "9"]
[EventCountry "GER"]
[SourceTitle "CBM 209 Extra"]
[Source "ChessBase"]
[SourceDate "2022.09.30"]
[SourceVersion "1"]
[SourceVersionDate "2022.09.30"]
[SourceQuality "1"]

1. d4 d5 2. Nf3 e6 3. Bf4 Nf6 4. Nbd2 Bd6 5. Bg3 0-0 6. e3 c5 7. c3 Qc7 8. Bd3 Nbd7 9. 0-0 Bxg3 10. hxg3 e5 11. e4 dxe4 12. Nxe4 Nxe4 13. Bxe4 Nf6 14. Bc2 exd4 15. cxd4 Rd8 16. Rc1 Qa5 17. Bb3 cxd4 18. Re1 Be6 19. Bxe6 fxe6 20. Qb3 Qd5 21. Qxd5 Rxd5 22. Rxe6 Rad8 23. Re7 d3 24. Rxb7 d2 25. Rd1 Rc8 26. Kf1 Rc1 27. Ke2 Rxd1 28. Kxd1 Ne4 29. Nxd2 Rxd2+ 30. Ke1 Rc2 31. Rxa7 Rxb2 32. Ra8+ Kf7 33. Ra4 Nc3 34. Ra7+ Kf6 35. Ra6+ Ke5 36. Ra7 Re2+ 37. Kf1 Rxa2 38. f4+ Kf6 39. Rc7 Nd5 40. Rc6+ Kf7 41. Kg1 h6 42. Kh2 Ne3 43. Kh3 Rxg2 44. Rc7+ Kg8 45. Rc8+ Kh7 46. Re8 Re2 47. Ra8 Re1 48. Kh2 h5 49. Ra5 Kh6 50. Ra6+ g6 51. Rb6 Re2+ 52. Kh1 Nf5 0-1

[Event "GER-ch Seniors 50 34th"]
[Site "Magdeburg"]
[Date "2022.08.13"]
[Round "2"]
[White "Wimmer, Alfred"]
[Black "Koscielski, Janusch"]
[Result "0-1"]
[WhiteElo "2047"]
[BlackElo "2255"]
[PlyCount "64"]
[EventDate "2022.08.12"]
[EventType "swiss"]
[EventRounds "9"]
[EventCountry "GER"]
[SourceTitle "CBM 209 Extra"]
[Source "ChessBase"]
[SourceDate "2022.09.30"]
[SourceVersion "1"]
[SourceVersionDate "2022.09.30"]
[SourceQuality "1"]

1. Nf3 Nf6 2. g3 g6 3. b3 Bg7 4. Bb2 0-0 5. Bg2 d6 6. d4 e5 7. dxe5 Nfd7 8. 0-0 dxe5 9. e4 Nc6 10. a4 a5 11. Na3 Nc5 12. Qxd8 Rxd8 13. Rfe1 f6 14. Nb5 Na6 15. Red1 Be6 16. Ne1 Bf8 17. Ba3 Ncb4 18. Bf3 c6 19. Nc3 Bh6 20. Bc1 Rxd1 21. Bxd1 Bxc1 22. Rxc1 Nc5 23. f3 Kf7 24. Kf2 Bxb3 25. cxb3 Ncd3+ 26. Nxd3 Nxd3+ 27. Ke3 Nxc1 28. Kd2 Nxb3+ 29. Bxb3+ Ke7 30. Ke3 Kd6 31. f4 Kc5 32. fxe5 fxe5 0-1

[Event "Oberliga NRW 2122"]
[Site "Germany"]
[Date "2022.04.10"]
[Round "8.1"]
[White "Koscielski, Janusch"]
[Black "Fiebig, Thomas"]
[Result "0-1"]
[WhiteElo "2252"]
[BlackElo "2414"]
[PlyCount "124"]
[EventDate "2021.10.31"]
[EventType "team-tourn"]
[EventRounds "9"]
[EventCountry "GER"]
[SourceTitle "EXT 2023"]
[Source "ChessBase"]
[SourceDate "2022.10.05"]
[SourceVersion "1"]
[SourceVersionDate "2022.10.05"]
[SourceQuality "1"]
[WhiteTeam "Wattenscheid"]
[BlackTeam "Brackel"]
[WhiteTeamCountry "GER"]
[BlackTeamCountry "GER"]

1. e4 c6 2. d4 d5 3. exd5 cxd5 4. Bd3 Nc6 5. c3 Qc7 6. h3 g6 7. Nf3 Bf5 8. Bxf5 gxf5 9. Qe2 e6 10. 0-0 Nf6 11. Ne5 Nxe5 12. dxe5 Nd7 13. Re1 Bg7 14. Bf4 Rc8 15. Nd2 a6 16. Rad1 Nf8 17. a3 Ng6 18. Qe3 Qc5 19. Qg3 h5 20. Bg5 h4 21. Qh2 Qb6 22. Rb1 Bf8 23. Be3 Bc5 24. Nf3 Rg8 25. Kh1 Qd8 26. Bg5 Qb6 27. Be3 Bxe3 28. Rxe3 f4 29. Rd3 Qxf2 30. Rd2 Qc5 31. Rf1 Rh8 32. Nd4 Rh5 33. Rdf2 Qe7 34. Ne2 Rc4 35. Nxf4 Nxf4 36. Rxf4 Rxf4 37. Qxf4 Rf5 38. Qc1 Rxf1+ 39. Qxf1 Qg5 40. Qe1 Qf4 41. Qe2 Ke7 42. Kg1 Kf8 43. Qf2 Qg5 44. Qb6 Qxe5 45. Qxb7 Qe1+ 46. Kh2 Qe5+ 47. Kg1 Qe3+ 48. Kh2 Kg7 49. Qb4 Qg3+ 50. Kg1 Qe1+ 51. Kh2 f5 52. Qb7+ Kf6 53. Qxa6 Qg3+ 54. Kh1 f4 55. Qe2 e5 56. a4 e4 57. Kg1 f3 58. Qf2 Qf4 59. gxf3 e3 60. Qe2 Qg3+ 61. Kf1 Qxh3+ 62. Ke1 Qh1+ 0-1

[Event "Titled Tuesday intern op 28th Apr"]
[Site "Chess.com INT"]
[Date "2020.04.28"]
[Round "1"]
[White "Koscielski, Janusch"]
[Black "Perdomo, Carlos Andres"]
[Result "0-1"]
[WhiteElo "2264"]
[BlackElo "2301"]
[PlyCount "106"]
[EventDate "2020.04.28"]
[EventType "swiss (blitz)"]
[EventRounds "10"]
[EventCountry "USA"]
[SourceTitle "EXT 2021"]
[Source "ChessBase"]
[SourceDate "2020.10.23"]
[SourceVersion "1"]
[SourceVersionDate "2020.10.23"]
[SourceQuality "1"]

1. e4 c5 2. Nf3 e6 3. b3 Nc6 4. Bb2 Qc7 5. c4 d6 6. d4 cxd4 7. Nxd4 a6 8. Nc3 Nf6 9. g3 Be7 10. Bg2 0-0 11. 0-0 Bd7 12. Rc1 Nxd4 13. Qxd4 Rfd8 14. h3 Rac8 15. Rfd1 Qb8 16. Kh2 b5 17. cxb5 axb5 18. f4 Ne8 19. Qd2 Bc6 20. Ne2 Qb6 21. Nd4 Bd7 22. g4 Rxc1 23. Rxc1 e5 24. Nf5 Bxf5 25. exf5 exf4 26. Qxf4 Bf6 27. Bxf6 Nxf6 28. Rd1 Qc5 29. g5 Nh5 30. Qf3 Qe5+ 31. Kg1 Nf4 32. f6 Qxg5 33. fxg7 Kxg7 34. Rf1 Qxg2+ 35. Qxg2+ Nxg2 36. Kxg2 Rc8 37. Rf2 Rc5 38. Rd2 f6 39. Kg3 d5 40. Kf4 Kf7 41. Ke3 Ke6 42. Kd4 Kd6 43. Rf2 Rc1 44. Rxf6+ Ke7 45. Rh6 Rd1+ 46. Ke3 d4+ 47. Ke2 Ra1 48. Kd3 Rxa2 49. Kxd4 Rc2 50. Rxh7+ Kd6 51. Rh5 Kc6 52. Rh6+ Kb7 53. Re6 b4 0-1

[Event "Titled Tuesday intern op 28th Apr"]
[Site "Chess.com INT"]
[Date "2020.04.28"]
[Round "8"]
[White "Rusev, Rosen Yordanov"]
[Black "Koscielski, Janusch"]
[Result "0-1"]
[WhiteElo "2352"]
[BlackElo "2264"]
[PlyCount "108"]
[EventDate "2020.04.28"]
[EventType "swiss (blitz)"]
[EventRounds "10"]
[EventCountry "USA"]
[SourceTitle "EXT 2021"]
[Source "ChessBase"]
[SourceDate "2020.10.23"]
[SourceVersion "1"]
[SourceVersionDate "2020.10.23"]
[SourceQuality "1"]

1. d4 Nf6 2. c4 g6 3. Nc3 Bg7 4. Nf3 0-0 5. e4 d6 6. Be2 e5 7. 0-0 Nc6 8. d5 Ne7 9. Ne1 Nd7 10. Nd3 f5 11. Bd2 Nb6 12. c5 fxe4 13. cxb6 exd3 14. bxc7 Qxc7 15. Bxd3 Nf5 16. Rc1 Qb6 17. Nb5 Rf7 18. Qc2 Bd7 19. Qb3 Bxb5 20. Qxb5 Qxb5 21. Bxb5 Nd4 22. a4 Nb3 23. Rcd1 Nxd2 24. Rxd2 Rc8 25. g3 Bh6 26. Re2 Rfc7 27. Bd3 a6 28. h4 Bg7 29. Kg2 Bf6 30. h5 Kg7 31. hxg6 hxg6 32. Rh1 Rc1 33. Rxc1 Rxc1 34. Re4 Rc5 35. Rg4 g5 36. Be4 Kf7 37. f4 gxf4 38. gxf4 exf4 39. Rxf4 Ke7 40. Rf2 Rc4 41. Re2 Be5 42. Bc2 Kf6 43. b3 Rc3 44. Kf1 Kg5 45. Ke1 Kf4 46. Re4+ Kf3 47. Re2 b5 48. Kd1 bxa4 49. bxa4 Ra3 50. Kd2 Bf4+ 51. Ke1 Ra1+ 52. Bd1 Bg3+ 53. Kf1 Rxd1+ 54. Re1 Rxe1# 0-1

[Event "Titled Tuesday intern op 21st April"]
[Site "Chess.com INT"]
[Date "2020.04.21"]
[Round "4"]
[White "Koscielski, Janusch"]
[Black "Aleksanyan, Cadir Nelli"]
[Result "1-0"]
[WhiteElo "2264"]
[BlackElo "1074"]
[PlyCount "87"]
[EventDate "2020.04.21"]
[EventType "swiss (blitz)"]
[EventRounds "10"]
[EventCountry "USA"]
[SourceTitle "EXT 2021"]
[Source "ChessBase"]
[SourceDate "2020.10.23"]
[SourceVersion "1"]
[SourceVersionDate "2020.10.23"]
[SourceQuality "1"]

1. e4 e6 2. d4 d5 3. Nd2 a5 4. Ngf3 Nf6 5. e5 Nfd7 6. Bd3 c5 7. c3 Nc6 8. 0-0 Qb6 9. Re1 cxd4 10. cxd4 Nxd4 11. Nxd4 Qxd4 12. Nf3 Qb6 13. Be3 Qxb2 14. Rb1 Qa3 15. Bb5 a4 16. Qc2 Bb4 17. Rec1 0-0 18. Qc7 Ba5 19. Qc2 f6 20. Bxd7 Bxd7 21. Bc5 Qc3 22. Qxc3 Bxc3 23. Bxf8 Bxe5 24. Bc5 Bc6 25. Nxe5 fxe5 26. Be3 Kf7 27. Bc5 d4 28. Re1 Kf6 29. a3 Rd8 30. Rbd1 d3 31. Be3 Kf5 32. Rd2 e4 33. Rc1 Bd5 34. Rc5 b6 35. Rc7 b5 36. h3 g6 37. g4+ Kf6 38. Kh2 b4 39. axb4 a3 40. Kg3 g5 41. Bd4+ Kg6 42. Rg7+ Kh6 43. h4 Rf8 44. hxg5# 1-0

[Event "GER-ch Net blitz qual5"]
[Site "Playchess.com INT"]
[Date "2020.03.28"]
[Round "1"]
[White "Krause, Benedict"]
[Black "Koscielski, Janusch"]
[Result "1-0"]
[WhiteElo "2425"]
[BlackElo "2273"]
[PlyCount "55"]
[EventDate "2020.03.28"]
[EventType "swiss (blitz)"]
[EventRounds "13"]
[EventCountry "GER"]
[SourceTitle "CBM 195 Extra"]
[Source "ChessBase"]
[SourceDate "2020.05.31"]
[SourceVersion "1"]
[SourceVersionDate "2020.05.31"]
[SourceQuality "1"]

1. e4 c5 2. Nf3 d6 3. d4 cxd4 4. Nxd4 Nf6 5. Nc3 Nc6 6. Bg5 e6 7. Qd2 a6 8. 0-0-0 Bd7 9. f4 h6 10. Bh4 b5 11. Bxf6 gxf6 12. Kb1 Qb6 13. Nxc6 Qxc6 14. Bd3 h5 15. f5 Qc5 16. Rhf1 Qe5 17. g3 h4 18. Ne2 hxg3 19. hxg3 0-0-0 20. Nf4 Bc6 21. fxe6 Rg8 22. exf7 Rxg3 23. Qf2 Rg5 24. Qb6 Bb7 25. Nd5 Rd7 26. Nxf6 Rxf7 27. Nd5 Rd7 28. Rxf8+ 1-0

[Event "GER-ch Net blitz qual5"]
[Site "Playchess.com INT"]
[Date "2020.03.28"]
[Round "2"]
[White "Wiechert, Hans"]
[Black "Koscielski, Janusch"]
[Result "0-1"]
[WhiteElo "2193"]
[BlackElo "2273"]
[PlyCount "60"]
[EventDate "2020.03.28"]
[EventType "swiss (blitz)"]
[EventRounds "13"]
[EventCountry "GER"]
[SourceTitle "CBM 195 Extra"]
[Source "ChessBase"]
[SourceDate "2020.05.31"]
[SourceVersion "1"]
[SourceVersionDate "2020.05.31"]
[SourceQuality "1"]

1. d4 Nf6 2. c4 g6 3. g3 Bg7 4. Bg2 0-0 5. Nf3 d6 6. 0-0 Nc6 7. Nc3 e5 8. dxe5 Nxe5 9. Bg5 Nxc4 10. Nd5 Nb6 11. Nxb6 axb6 12. Nd4 d5 13. a3 c6 14. Rb1 h6 15. Bf4 Re8 16. Re1 Ne4 17. Be3 b5 18. Qc2 Nd6 19. Rbd1 Qf6 20. Nb3 Bf5 21. Qc1 Qxb2 22. Nd4 Qxc1 23. Rxc1 Bd7 24. Nb3 Nc4 25. Bc5 Bb2 26. Rc2 Bxa3 27. e4 Bxc5 28. Nxc5 Bc8 29. exd5 Rxe1+ 30. Bf1 Bh3 0-1

[Event "GER-ch Net blitz qual4"]
[Site "Playchess.com INT"]
[Date "2020.03.23"]
[Round "3"]
[White "Koscielski, Janusch"]
[Black "Meier, Georg"]
[Result "0-1"]
[WhiteElo "2273"]
[BlackElo "2620"]
[PlyCount "42"]
[EventDate "2020.03.23"]
[EventType "swiss (blitz)"]
[EventRounds "9"]
[EventCountry "GER"]
[SourceTitle "CBM 195 Extra"]
[Source "ChessBase"]
[SourceDate "2020.05.31"]
[SourceVersion "1"]
[SourceVersionDate "2020.05.31"]
[SourceQuality "1"]

1. e4 e6 2. d4 d5 3. Nd2 c5 4. exd5 Qxd5 5. Ngf3 cxd4 6. Bc4 Qd7 7. Qe2 Nc6 8. Nb3 Nf6 9. Bg5 Bb4+ 10. Bd2 Bxd2+ 11. Nbxd2 0-0 12. 0-0-0 Qc7 13. Rhe1 Rd8 14. Nb3 Bd7 15. Kb1 Rac8 16. Nbxd4 Nxd4 17. Rxd4 Bc6 18. Rxd8+ Rxd8 19. Ne5 Bxg2 20. Nxf7 Kxf7 21. Qxe6+ Kf8 0-1

[Event "Titled Tuesday intern op1 4th Febr"]
[Site "Chess.com INT"]
[Date "2020.02.04"]
[Round "1"]
[White "Koscielski, Janusch"]
[Black "Leiva Rodriguez, Jeammarco Giuseppe"]
[Result "0-1"]
[WhiteElo "2274"]
[BlackElo "2391"]
[PlyCount "118"]
[EventDate "2020.02.04"]
[EventType "swiss (blitz)"]
[EventRounds "10"]
[EventCountry "USA"]
[SourceTitle "EXT 2021"]
[Source "ChessBase"]
[SourceDate "2020.10.23"]
[SourceVersion "1"]
[SourceVersionDate "2020.10.23"]
[SourceQuality "1"]

1. e4 c5 2. Nf3 d6 3. d4 cxd4 4. Nxd4 Nf6 5. Nc3 a6 6. Be2 e5 7. Nb3 Be7 8. Bg5 Be6 9. Bxf6 Bxf6 10. Qd3 Qb6 11. Rd1 Be7 12. Nd5 Bxd5 13. Qxd5 0-0 14. 0-0 Nd7 15. Qa5 Qc6 16. Bd3 Nf6 17. Nd2 b5 18. Rfe1 Bd8 19. Qa3 a5 20. Nf1 Bb6 21. Ne3 Bc5 22. Qb3 Rab8 23. c3 b4 24. Qc2 bxc3 25. bxc3 Bxe3 26. Rxe3 a4 27. Ree1 Rfc8 28. Rb1 g6 29. c4 Nd7 30. f3 Nc5 31. Bf1 Ne6 32. Rxb8 Rxb8 33. Rb1 Rxb1 34. Qxb1 Kg7 35. g3 Qc5+ 36. Kg2 Qe3 37. Qd3 Qxd3 38. Bxd3 Nc5 39. Bc2 Kf6 40. Kf2 Ke6 41. Ke3 f5 42. f4 Kf6 43. h3 exf4+ 44. gxf4 h6 45. exf5 gxf5 46. h4 Kg6 47. Bd1 Kf6 48. Kd4 Ke6 49. Bf3 Kf6 50. Kd5 Ke7 51. Kc6 Ne6 52. Kb5 Nd4+ 53. Kxa4 Nxf3 54. Kb5 Nxh4 55. a4 Kd7 56. Kb6 Ng6 57. Kb7 Ne7 58. a5 h5 59. a6 Nc6 0-1

[Event "Titled Tuesday intern op1 4th Febr"]
[Site "Chess.com INT"]
[Date "2020.02.04"]
[Round "6"]
[White "Koscielski, Janusch"]
[Black "Novikov, Evgenij"]
[Result "0-1"]
[WhiteElo "2274"]
[BlackElo "2276"]
[PlyCount "66"]
[EventDate "2020.02.04"]
[EventType "swiss (blitz)"]
[EventRounds "10"]
[EventCountry "USA"]
[SourceTitle "EXT 2021"]
[Source "ChessBase"]
[SourceDate "2020.10.23"]
[SourceVersion "1"]
[SourceVersionDate "2020.10.23"]
[SourceQuality "1"]

1. e4 c5 2. Nf3 Nc6 3. d4 cxd4 4. Nxd4 e5 5. Nb5 a6 6. Nd6+ Bxd6 7. Qxd6 Qf6 8. Qd1 Qg6 9. Nc3 d5 10. Nxd5 Qxe4+ 11. Be3 Nd4 12. Nc7+ Ke7 13. Rc1 Bg4 14. Qd3 Qxd3 15. Bxd3 Rd8 16. h3 Bc8 17. Na8 b5 18. Nb6 Bb7 19. 0-0 Nf6 20. a4 e4 21. Rfe1 Rhe8 22. Bf1 Kf8 23. axb5 Nxb5 24. Red1 h6 25. c4 Nc7 26. b4 Ne6 27. b5 axb5 28. cxb5 Rxd1 29. Rxd1 Ke7 30. Nc4 Rb8 31. Ne5 Rc8 32. Ra1 Ra8 33. Rc1 Nd5 0-1

[Event "Titled Tuesday intern op1 4th Febr"]
[Site "Chess.com INT"]
[Date "2020.02.04"]
[Round "2"]
[White "Koscielski, Janusch"]
[Black "Vestby Ellingsen, Mads"]
[Result "1/2-1/2"]
[WhiteElo "2274"]
[BlackElo "2357"]
[PlyCount "89"]
[EventDate "2020.02.04"]
[EventType "swiss (blitz)"]
[EventRounds "10"]
[EventCountry "USA"]
[SourceTitle "EXT 2021"]
[Source "ChessBase"]
[SourceDate "2020.10.23"]
[SourceVersion "1"]
[SourceVersionDate "2020.10.23"]
[SourceQuality "1"]

1. e4 c5 2. Nf3 e6 3. d4 cxd4 4. Nxd4 Nc6 5. Nc3 Qc7 6. Nxc6 bxc6 7. Bd3 d5 8. 0-0 Nf6 9. Qe2 Be7 10. b3 0-0 11. Bb2 d4 12. Nb1 e5 13. Nd2 Bg4 14. f3 Be6 15. Nc4 Nh5 16. g3 g6 17. Kh1 Kh8 18. f4 f6 19. f5 Bf7 20. Rae1 g5 21. Rg1 h6 22. Bc1 Kh7 23. Qg2 Bb4 24. Ref1 Rg8 25. Be2 Rad8 26. Qh3 Ng7 27. g4 Ne8 28. Qf3 Kg7 29. h4 Nd6 30. Nxd6 Bxd6 31. Bd3 c5 32. hxg5 hxg5 33. Kg2 c4 34. bxc4 Bxc4 35. Rh1 Bxd3 36. cxd3 Rh8 37. Bxg5 fxg5 38. f6+ Kf7 39. Qf5 Qd7 40. Rh7+ Rxh7 41. Qxh7+ Ke6 42. Qf5+ Kf7 43. Qh7+ Ke6 44. Qf5+ Kf7 45. Qh7+ 1/2-1/2

[Event "Titled Tuesday intern op1 4th Febr"]
[Site "Chess.com INT"]
[Date "2020.02.04"]
[Round "5"]
[White "Seul, Georg"]
[Black "Koscielski, Janusch"]
[Result "1/2-1/2"]
[WhiteElo "2401"]
[BlackElo "2274"]
[PlyCount "154"]
[EventDate "2020.02.04"]
[EventType "swiss (blitz)"]
[EventRounds "10"]
[EventCountry "USA"]
[SourceTitle "EXT 2021"]
[Source "ChessBase"]
[SourceDate "2020.10.23"]
[SourceVersion "1"]
[SourceVersionDate "2020.10.23"]
[SourceQuality "1"]

1. e4 c6 2. d4 d5 3. e5 Bf5 4. h4 h5 5. Bd3 Bxd3 6. Qxd3 Qa5+ 7. Nc3 Qa6 8. e6 Qxd3 9. exf7+ Kxf7 10. cxd3 Nd7 11. Nf3 e6 12. Bf4 Bb4 13. 0-0 Re8 14. Rfe1 Nh6 15. Re2 Nf5 16. Rae1 Be7 17. g3 Bf6 18. Ne5+ Bxe5 19. Bxe5 Nxe5 20. Rxe5 Nxd4 21. Kg2 a6 22. b4 g6 23. f4 Ra8 24. Ne2 Nxe2 25. R1xe2 Rhe8 26. Rb2 Re7 27. Kf3 a5 28. b5 c5 29. g4 hxg4+ 30. Kxg4 b6 31. Rh2 Rh8 32. a4 Kf6 33. Rh1 Reh7 34. Rh2 Rh5 35. Re1 Re8 36. Rhe2 e5 37. fxe5+ Rhxe5 38. Rf2+ Kg7 39. Ref1 R8e7 40. Rf6 R5e6 41. R6f4 Re1 42. R1f3 R1e3 43. Rf7+ Rxf7 44. Rxe3 Rc7 45. Kg5 c4 46. Re6 c3 47. Rxg6+ Kf8 48. Rf6+ Kg7 49. Rf1 d4 50. Rc1 Rc5+ 51. Kf4 Rh5 52. Ke4 Rxh4+ 53. Kd5 Kf6 54. Kc4 Ke5 55. Re1+ Kd6 56. Re2 Rg4 57. Rf2 Ke5 58. Re2+ Kf4 59. Re6 c2 60. Re1 Kf3 61. Rc1 Ke3 62. Rxc2 Rg5 63. Rh2 Rc5+ 64. Kb3 Kxd3 65. Rh6 Ke2 66. Rxb6 d3 67. Rd6 d2 68. b6 d1Q+ 69. Rxd1 Kxd1 70. b7 Rc1 71. Kb2 Rc2+ 72. Kb3 Rc1 73. Ka2 Rc2+ 74. Ka3 Rc3+ 75. Kb2 Rc2+ 76. Kb1 Rc1+ 77. Kb2 Rc2+ 1/2-1/2

[Event "Titled Tuesday intern op 7th Januar"]
[Site "Chess.com INT"]
[Date "2020.01.07"]
[Round "9"]
[White "Koscielski, Janusch"]
[Black "Musovic, Armin"]
[Result "1-0"]
[WhiteElo "2279"]
[BlackElo "2230"]
[PlyCount "125"]
[EventDate "2020.01.07"]
[EventType "swiss (blitz)"]
[EventRounds "10"]
[EventCountry "USA"]
[SourceTitle "EXT 2021"]
[Source "ChessBase"]
[SourceDate "2020.10.23"]
[SourceVersion "1"]
[SourceVersionDate "2020.10.23"]
[SourceQuality "1"]

1. e4 Nf6 2. e5 Ng8 3. d4 d6 4. Nf3 Bg4 5. Bc4 e6 6. h3 Bh5 7. c3 d5 8. Be2 a6 9. 0-0 c5 10. a3 Nc6 11. b4 Bxf3 12. Bxf3 cxd4 13. cxd4 Qb6 14. Be3 Nge7 15. Nc3 Nf5 16. Na4 Qa7 17. Nc5 b6 18. Nb3 Be7 19. Rc1 Rc8 20. Qd3 0-0 21. Be2 b5 22. Nc5 a5 23. Rb1 Rb8 24. Rfc1 Rfc8 25. g4 Nxe3 26. fxe3 Bg5 27. Kf2 Bh4+ 28. Kg2 Rf8 29. Rf1 axb4 30. axb4 Qe7 31. Bf3 f6 32. exf6 Rxf6 33. e4 Kh8 34. exd5 Qd6 35. Ne4 Nxb4 36. Qd2 Qc7 37. Qxb4 Rf4 38. d6 Qc2+ 39. Nf2 h5 40. Rb2 Qg6 41. Qd2 Rbf8 42. Rxb5 Rxf3 43. Rxh5+ Kg8 44. Rxh4 Qf6 45. Rh5 Qd8 46. Re5 Qxd6 47. Qe2 Qc6 48. Qe4 Qc3 49. Rxe6 Rg3+ 50. Kh2 Rxf2+ 51. Rxf2 Rxh3+ 52. Kg1 Rg3+ 53. Rg2 Qa1+ 54. Kh2 Rxg2+ 55. Kxg2 Qb2+ 56. Kg3 Qc3+ 57. Kf4 Qc7+ 58. Qe5 Qc1+ 59. Qe3 Qc7+ 60. Kg5 Qd8+ 61. Kh5 g6+ 62. Rxg6+ Kf7 63. Qe6+ 1-0